Global patterns of tree species richness in moist forests: energy diversity theory does not account for variation in species richness (Registro nro. 9836)
[ vista simple ]
| 000 -CABECERA | |
|---|---|
| Campo de control | 005570000a22001570004500 |
| 090 ## - CLASIFICACIÓN LOCAL | |
| Colección | AR |
| Consecutivo | 00745 |
| 041 0# - IDIOMA | |
| Código de idioma para texto/pista de sonido o título separado | |
| 100 1# - ASIENTO PRINCIPAL--NOMBRE PERSONAL | |
| Nombre personal | Latham, Roger Earl |
| 245 10 - MENCION DE TITULO | |
| Título | Global patterns of tree species richness in moist forests: energy diversity theory does not account for variation in species richness |
| 650 14 - ASIENTO SECUNDARIO DE MATERIA - TERMINO TEMATICO | |
| Término temático o nombre geográfico como elemento de entrada | Patrones de diversidad |
| 650 14 - ASIENTO SECUNDARIO DE MATERIA - TERMINO TEMATICO | |
| Término temático o nombre geográfico como elemento de entrada | Biodiversidad |
| 650 14 - ASIENTO SECUNDARIO DE MATERIA - TERMINO TEMATICO | |
| Término temático o nombre geográfico como elemento de entrada | Riqueza de especies |
| 700 1# - ASIENTO SECUNDARIO - NOMBRE PERSONAL | |
| Nombre personal | Ricklefs, Robert E. |
| 773 1# - Item fuente: | |
| Título | OIKOS: Journal of Ecology |
| Especificación de materiales | 911 |
| Descripción física | 2 |
| Paginas del Articulo | 325-333 |
| Lugar, editorial y fecha de publicación | 1993 |
| Información sobre la relación | 67 |
| 942 ## - ELEMENTOS ADICIONALES (KOHA) | |
| Tipo de ítem | Artículo |
| Withdrawn status | Lost status | Damaged status | No para préstamo | Colección | Ubicación Permanente | Ubicación actual | Fecha de adquisición | Fuente de Valor | Datos de publicación Seriada | Total Checkouts | Número topográfico | Inventario / Código de Barras | Date last seen | Ejemplar | Price effective from | Forma de adquisición | Tipo de material |
|---|---|---|---|---|---|---|---|---|---|---|---|---|---|---|---|---|---|
| No para Préstamo | Hemeroteca | Bogotá | Bogotá | 27/02/2015 | Instituto de Ciencias Naturales | Fuera de circulación | AR 00745 | 011065 | 25/03/2015 | 1 | 25/03/2015 | Artículo |